000 01237cam a22003134a 4500
001 15616436
005 20220326193343.0
008 090109s2008 fr a b 000 0dfre
010 _a 2009405570
035 _a(FrPJT)JTL00239585
040 _aDLC
_cDLC
082 0 4 _a701.18
_bB539e
100 1 _aBerthet, Dominique,
_d1959-
_94770
245 1 0 _aErnest Breleur :
_cDominique Berthet y Patrick Chamoiseau.
_breconstitution d´une tribu perdu /
260 _aParis :
_bCaradit Ediprint,
_c2003.
300 _a60 p.
_bil. col.
_c20 cm.
504 _aIncludes bibliographical references (p. 191).
505 _tL´enver de la photographie
_rJacques Leenhardt
_tUne esthétique du corps
_rDominique Berthet
_tApercu Biographique
_tExpositions
600 1 0 _aBreleur, Ernest
_xCriticism and interpretation.
_94771
650 _aFilosofia - Teoria del arte
_varte moderno
_94772
653 1 0 _aCriticismo e interpretación
653 _aArte moderno
653 _aFilosofia-Teoría del arte
700 1 _aBreleur, Ernest.
_94773
700 1 _a Berthet, Dominique.
_95263
700 1 _aChamoiseau, Patrick.
_95265
906 _a7
_bcbc
_corigres
_d3
_encip
_f20
_gy-gencatlg
999 _c865
_d865